000 00721nam a22002057a 4500
008 160921b xxu||||| |||| 00| 0 eng d
020 _a0321127080
020 _a9780321127082
050 _aQA 152.3
_b.B55 2003
100 _aBittinger, Marvin L.
245 _aElementary and intermediate algebra :
_bgraphs and models/
_cMarvin L. Bittinger, David J. Ellenbogen and Barbara L. Johnson.
250 _a2nd ed.
260 _aBoston :
_bPearson Addison Wesley ;
_cc2004.
300 _axxii, 1076p. :
_bill. ;
_c26cm.
500 _aIncludes bibliography and index.
650 _aAlgebra.
700 _aEllenbogen, David J.
700 _aJohnson, Barbara L.
942 _2lcc
_cBOOKS
_hQA 152.3 .B55 2003
999 _c13899
_d13899